| 000 | 00410nam a2200157Ia 4500 | ||
|---|---|---|---|
| 003 | GCL | ||
| 008 | 140319s9999 xx 000 0 eng d | ||
| 040 |
_aGCL / _cGCL |
||
| 082 | 0 | 4 |
_aCC _b932 _bB O |
| 100 | 1 | _aBUDGE, WALLIS | |
| 245 | 1 | 0 |
_aOSIRIS THE EGYTIAN RESURRECTION / _cBUDGE, WALLIS |
| 260 |
_a[S.N] : _bDOVER PUBLICATIONS ، _c1973 |
||
| 650 | 0 | 4 | _aANCIENT EGYPT |
| 650 | 0 | 4 | _aHISTORY |
| 942 |
_2ddc _cBK |
||
| 999 |
_c11162 _d11162 |
||